000 00828nam a22003250a 4500
001 PT57737
003 AR-LpoUNG
005 20210131231839.0
008 191001s2015||||ag |||||||||||||||||spa d
020 _a9789505636433
_c$6
040 _aAR-LpoUNG
_bspa
_cAR-LpoUNG
_eaacr
041 _aspa
044 _aag
082 0 _aA861 557mar
100 1 _aHernández, José
245 1 0 _aMartín Fierro
250 _a2da. ed., 5ta. reimpr.
260 _aBuenos Aires :
_bColihue,
_c2015.
300 _a322 p. :
_btbls.
650 4 _aARGENTINA
650 4 _aLITERATURA
650 4 _aPOESIA
651 4 _aDOCUMENTOS TEORICOS O METODOLOGICOS
653 _aLITERATURA ARGENTINA
653 _aPOESIA GAUCHESCA
700 1 _aLois, Élida
_enot.
700 1 _aPagliai, Lucila
_enot.
905 _a57737
942 _cLIB
999 _c12186
_d12186